00737nam a2200205 a 4500001000500000005001700005008004100022020001800063050002300081100002000104245007100124250001200195260005000207300002700257440003100284500005100315650003500366999001900401952011100420412820140414131853.0090209s19uu xx 00 eng d a1-4042-0183-1 aM 796.34bH33 2005 aHayhurst, Chris aLacrosse :cby Chris Hayhurst.brules, tips, strategy and safety / a1st ed. aMankato, Minnesota :bCapstone Press,cc2005. a48 p. : col., ill. cm. aSports from coast to coast aIncludes bibliographical references and index. aLacrossexJuvenile literature. c110305d110305 001040aMUbMUcMd2009-02-09eDonationl0oM 796.34 H33 2005pM0680r2014-04-14 00:00:00w2014-04-14yBK